| 000 | 01340nam a2200265Ia 4500 | ||
|---|---|---|---|
| 999 |
_c42311 _d42311 |
||
| 001 | 9006 | ||
| 003 | GE_BSU | ||
| 005 | 20220519135827.0 | ||
| 008 | 181216s2014||||ge |||||||||||||| ||geo|| | ||
| 020 | _a9789941434679 | ||
| 040 | _cGE_BSU | ||
| 041 | _ageo | ||
| 080 | _a611.9(075.8) | ||
| 100 |
_aჩომახაშვილი,ზ; ცეცხლაძე, გ; ზოსიძე,ნ. _913782 |
||
| 245 |
_aკლინიკური ანატომია / _cზ.ჩომახაშვილი, გ.ცეცხლაძე, ნ.ზოსიძე; შოთა რუსთაველის სახელმწიფო უნივერსიტეტი. |
||
| 264 |
_aბათუმი. _bშოთა რუსთაველის სახელმწ.უნ-ტის გამ-ბა _c2014. |
||
| 300 |
_a659 გვ. ; _b25 სმ. |
||
| 653 | _aკლინიკური ანატომია | ||
| 653 | _aმედიცინა | ||
| 700 |
_aჩომახაშვილი, ზ. _eავტორი _92472 |
||
| 700 |
_aცეცხლაძე, გ. _eავტორი _913783 |
||
| 700 |
_aზოსიძე, ნ. _eავტორი _9141 |
||
| 710 |
_a ბათუმის შ. რუსთაველის სახელმწიფო უნ-ტი _913784 |
||
| 942 |
_cBK _2udc |
||